| 000 | 00810nam a2200265 i 4500 | ||
|---|---|---|---|
| 001 | 16692 | ||
| 003 | ES-MaACL | ||
| 005 | 20250807072110.0 | ||
| 007 | t| | ||
| 008 | 001025s1999 sp ||||1| spa d | ||
| 020 | _a84-7954-543-7 | ||
| 080 | _a159.942 | ||
| 080 | _a616-009.7 | ||
| 100 | 1 |
_aCobo, Carlos. _939347 |
|
| 245 | 1 | 3 |
_aEl valor de vivir _b: (elogio y razón del duelo) : de cómo el ser humano se defiende del dolor por la muerte de un ser querido / _cCarlos Cobo. |
| 250 | _a1ª ed. | ||
| 260 |
_aMadrid : _bLibertarias/Prodhufi, _c1999. |
||
| 300 |
_a574 p. ; _c20 cm. |
||
| 490 | 0 | _aEnsayo | |
| 650 | 1 | 7 |
_aDolor _2embne _911964 |
| 650 | 1 | 4 |
_aSufrimiento. _917257 |
| 830 | 0 |
_aEnsayo (Libertarias/Prodhufi) _9180227 |
|
| 852 |
_aES-MaACL _jL-23800 _bR.128961 |
||
| 999 |
_c16692 _d16692 |
||